000 01415nam a22003977a 4500
003 OSt
005 20230524102656.0
008 221006b |||||||| |||| 00| 0 eng d
040 _cBiblioteca Lado V
082 _a700
_bA786l
110 _9830
_aARTEDER
_eEditor
245 _aLAPIZ/
_bRevista Mensual de Arte/
260 _bFeria internacional de Bilbao
_c1992
_aEspaña
300 _c22x29cm
_a90p.
366 _espa
490 _a87
_vX
505 _aLECCIONES OSCURAS SOBRE RACISMO
505 _aLO QUE EL VIENTO SE LLEVO
505 _aDEFENSA DE MODRIAN
505 _aEL ARTE, UN MODELO PARA ARMAR
505 _aEL RIO DE LA VIDA
505 _aEN LOS SUEÑOS COMIENZAN LAS RESPONSABILIDADES
505 _aLOS SIGNOS DE LA MEMORIA
505 _aLA VANITAS NEOBARROCA
505 _aCronicas de exposiciones
650 _2Tesauro de Arte & Arquitectura
_aARTE
_9703
650 _2Tesauro de Arte & Arquitectura
_aARQUITECTURA
650 _2Tesauro de Arte & Arquitectura
_aFOTOGRAFIA
_9702
650 _2Tesauro de Arte & Arquitectura
_aENTREVISTAS
650 _2Tesauro de Arte & Arquitectura
_aARQUEOLOGIA
650 _2Tesauro de Arte & Arquitectura
_aREPORTAJES
650 _2Tesauro de Arte & Arquitectura
_aLIBROS
650 _2Tesauro de Arte & Arquitectura
_aNOTICIAS
651 _2Tesauro de Arte & Arquitectura
_aSUBASTAS
942 _2ddc
_c1
_h700
_iA786l
_n0
999 _c3695
_d3695